William Shakespeare (Record no. 1646)

MARC details
000 -LEADER
fixed length control field 01041cam a2200313 a 4500
005 - DATE AND TIME OF LATEST TRANSACTION
control field 20250731140759.0
020 ## - INTERNATIONAL STANDARD BOOK NUMBER
International Standard Book Number 0439357713
040 ## - CATALOGING SOURCE
Original cataloging agency DLC
Transcribing agency DLC
Modifying agency DLC
Language of cataloging eng
050 00 - LIBRARY OF CONGRESS CALL NUMBER
Classification number PR2771.K37
082 00 - DEWEY DECIMAL CLASSIFICATION NUMBER
Classification number 821.3
Edition number 21
100 1# - MAIN ENTRY--PERSONAL NAME
Personal name Shakespeare, William
Dates associated with a name 1564-1616.
245 10 - TITLE STATEMENT
Title William Shakespeare
Statement of responsibility, etc. edited by David Scott Kastan & Marina Kastan ; illustrated by Glen Harrington.
260 ## - PUBLICATION, DISTRIBUTION, ETC.
Place of publication, distribution, etc. New York :
Name of publisher, distributor, etc. Scholastic
Date of publication, distribution, etc. 2000
300 ## - PHYSICAL DESCRIPTION
Extent 48 pages :
Other physical details Color illustrations ;
Dimensions 26 cm
490 ## - SERIES STATEMENT
Series statement Poetry for young people
500 ## - GENERAL NOTE
General note Includes index.
505 ## - FORMATTED CONTENTS NOTE
Formatted contents note Z <br/>
520 ## - SUMMARY, ETC.
Summary, etc. Introduces the poetry of William Shakespeare through a sampling of sonnets and excerpts from his plays.
521 ## - TARGET AUDIENCE NOTE
Target audience note 900 <br/>
Source Lexile <br/>
521 ## - TARGET AUDIENCE NOTE
Target audience note Z <br/>
Source Raz-Plus <br/>
650 #0 - SUBJECT ADDED ENTRY--TOPICAL TERM
Topical term or geographic name entry element Children's poetry, English.
650 #1 - SUBJECT ADDED ENTRY--TOPICAL TERM
Topical term or geographic name entry element English poetry.
700 1# - ADDED ENTRY--PERSONAL NAME
Personal name Kastan, David Scott.
700 1# - ADDED ENTRY--PERSONAL NAME
Personal name Kastan, Marina.
700 1# - ADDED ENTRY--PERSONAL NAME
Personal name Harrington, Glenn
Relator term illustrator
906 ## - LOCAL DATA ELEMENT F, LDF (RLIN)
a 7
b cbc
c orignew
d 1
e ocip
f 20
g y-gencatlg
942 ## - ADDED ENTRY ELEMENTS (KOHA)
Source of classification or shelving scheme Dewey Decimal Classification
Koha item type Books
Suppress in OPAC No
999 ## -
-- 1646
-- 1646
Holdings
Withdrawn status Lost status Source of classification or shelving scheme Damaged status Not for loan Collection Home library Current library Shelving location Date acquired Total Checkouts Full call number Barcode Date last seen Price effective from Koha item type Copy number
    Dewey Decimal Classification     Fiction Footprints International School Library Network Toul Tom Poung Campus Footprints International School Library Network Toul Tom Poung Campus TTP Secondary Fiction Bookshelves 09/12/2023   SHA Fic PR2771.K37 FIS04863 10/25/2024 09/12/2023 Books  
    Dewey Decimal Classification     Fiction Footprints International School Library Network Toul Tom Poung Campus Footprints International School Library Network Toul Tom Poung Campus TTP Secondary Fiction Bookshelves 07/31/2025   SHA Fic PR2771.K37 2025-3828 07/31/2025 07/31/2025 Books 2